00343nam a2200157Ia 4500003000900000008004100009040001300050040001300063245003800076245001100114250001300125260001100138300000800149490000600157600002200163IT-RoPAU120407s9999 xx 000 0 und d aIT-RoPAU cIT-RoPAU aLa Sacra Bibbia - I libri storici cAA.VV. aFirenze  aSalani c cm v2 adue copie a parte